| 000 | 00485nam a22001937a 4500 | ||
|---|---|---|---|
| 003 | OSt | ||
| 005 | 20170518092844.0 | ||
| 008 | 160704b xxu||||| |||| 00| 0 eng d | ||
| 020 | _a789714000 | ||
| 040 |
_aMMU _bENG _cMMU |
||
| 050 |
_aQA 76.73 _b.J38.M85 1998 |
||
| 100 | _aMulloy, Scott | ||
| 245 | _a_Using visual J++ 6 | ||
| 260 |
_aUSA _bque _c1998 |
||
| 500 | _aIncludes index | ||
| 650 | _a_Visual J++6 | ||
| 700 | _a^d20120816 05:44:37^oanne | ||
| 942 |
_2lcc _cLOAN LOAN |
||
| 999 |
_c3521 _d3521 |
||